00532nam a22001817a 45000050016000000100017000160200023000330200026000560350017000820370024000990820010001231000017001332450030001502600032001802700090002123000025003024900023003272012011609339.0 aB-469681-707 a8173018758c160.00 a9781730187582c160.00 aB-469681-707 adplbBlue Berry/Ven a551.5 aChawla, Anuj aWeather /cby Anuj Chawla aNew DelhibDreamland c2011 aJ-128, Kirti NagarbNew Delhie110015k011-25106050l011-25438283mdreamland@vsnl.com a64p.bCOL.illc28 cm aKnow About Science